000 00682nam a22002417a 4500
005 20170124110207.0
010 _aA-298416
020 _c00.00
035 _aA-298416
037 _bCen Lib/Ret
040 _aDPL
_bEN
082 _a181.45
_bBES
100 _aBesant, Annie
_973262
245 _aThe Bhagavad-Gita /
_cby Annie Besant [and] Bhagavan Das
260 _aDelhi
_bAnmol Publications
_c1986
270 _a20 New Layalpur Ext.
_bDelhi
_e110051
300 _ax1ix,319p.
_c21cm(Hb)
500 _aIncludes index
650 _aHinduism
_973263
650 _aBhagavadgītā
_973264
700 _aDas, Bhagavan
_937608
942 _2ddc
_cEN
_h181.45
_mBES
999 _c133324
_d133324